Пропуск в контексте

Производственные практики учебно-методическое пособие для студентов очного и заочного обучения специальности 21.05.04 – «горное дело» специализации «горные машины и оборудование»

Учебно-методическое пособие по организации и проведению практик представляет собой единый методический документ, определяющий цели, задачи, содержание и методику проведения производственных практик, предусмотренных учебным планом специализации «Горные машины и оборудование»....

Fuld beskrivelse

Сохранить в:
Bibliografiske detaljer
Hovedforfatter: Дылдин Г. П.
Andre forfattere: Макаров Н. В., Костюк П. А.
Format: Книга
Sprog:Russian
Udgivet: Екатеринбург УГГУ 2023
Fag:
Online adgang:https://e.lanbook.com/book/453521
https://e.lanbook.com/img/cover/book/453521.jpg
Tags: Tilføj Tag
Ingen Tags, Vær først til at tagge denne postø!
LEADER 02326nam0a2200385 i 4500
001 453521
003 RuSpLAN
005 20250516154055.0
008 250516s2023 ru gs 000 0 rus
040 |a RuSpLAN 
041 0 |a rus 
044 |a ru 
080 |a 622.34 
245 0 0 |a Производственные практики  |b учебно-методическое пособие для студентов очного и заочного обучения специальности 21.05.04 – «горное дело» специализации «горные машины и оборудование»  |c Дылдин Г. П.,Макаров Н. В.,Костюк П. А. 
260 |a Екатеринбург  |b УГГУ  |c 2023 
300 |a 61 с. 
504 |a Библиогр.: доступна в карточке книги, на сайте ЭБС Лань 
520 8 |a Учебно-методическое пособие по организации и проведению практик представляет собой единый методический документ, определяющий цели, задачи, содержание и методику проведения производственных практик, предусмотренных учебным планом специализации «Горные машины и оборудование». 
521 8 |a Книга из коллекции УГГУ - Инженерно-технические науки 
521 8 |a СЭБ 
653 0 |a практики 
653 0 |a инвалидность 
653 0 |a индивидуальное задание 
653 0 |a производственные практики 
653 0 |a производственная практика 
653 0 |a преддипломная практика 
653 0 |a направление на практику 
653 0 |a характеристика места практики 
653 0 |a образец оформления отчета 
100 1 |a Дылдин Г. П. 
700 1 |a Макаров Н. В. 
700 1 |a Костюк П. А. 
856 4 |u https://e.lanbook.com/book/453521 
856 4 8 |u https://e.lanbook.com/img/cover/book/453521.jpg 
953 |a https://e.lanbook.com/img/cover/book/453521.jpg 
Cannot write session to /tmp/vufind_sessions/sess_4nk8pa5moro5kvsbvsu9sk04n4